000 00527nam a22001937a 4500
003 KOHA_MİRAKIL
005 20250416182916.0
008 250416b tu ||||| |||| 00| 0 tur d
020 _a9789753525251
040 _aTR-AnABB
_btur
_cTR-AnABB
041 _atur
082 _a828.3354
_bEAT 2019
100 1 _aEaton, Jeanette,
245 1 0 _aGandhi /
_cJeanette Eaton
260 _aİstanbul :
_bPınar Yayınları,
_c2019
300 _a239 sayfa ;
_c19 cm
650 0 4 _aAmerikan edebiyatı, roman
942 _2ddc
_cBK
999 _c8730
_d8730
900 _bGizem YORULMAZ